1604 1002 1318 1113 1235 1402 1311 1424 1425 1662 1535 1476 1434 1157 1881 1408 1433 1612 1612 1963 1644 1870 1493 1375 1253 1649 1724 1594 1985 1410 1960 1350 1229 1144 1688 1689 1470 1287 1852 1882 1701 1894 1656 1583 1239 1506 1813 1591 1819 1884 1842 1839 1131 1275 1790 1088 1687 1915 1469 1983 1491 1907 1344 1345 1233 1670 1802 1387 1636 1916 1819 1915 1987 1848 1326 1164 1318 1121 1570 1827 1696 1879 1006 1430 1928 1067 1351 1251 1811 1794 1930 1956 1029 1912 1543 1403 1235 1736 1548 BCNSPRNW ULIB Ver.6.0+V

เปลี่ยนเป็นภาษาไทย

Change to English
 แสดงรายละเอียดบรรณานุกรม
  กลับหน้าหลัก

Brief Record : Get Marc (ISO 2709) : E-mail record : QR code < ปิดหน้าต่าง
LEADER : 00000nas 2200000uu 4500
001    13399114998
003     ULIB
008    020711s|||| th a 000 0 tha d
022    ^a22292365
110    ^aมหาวิทยาลัยศรีนครินทรวิโรฒ
245    ^aวารสารวิจัยและพัฒนาหลักสูตร /^cมหาวิทยาลัยศรีนครินทรวิโรฒ
260    ^aกรุงเทพฯ :^bมหาวิทยาลัยศรีนครินทรวิโรฒ,^cม.ป.ป.
310    ^aราย 6 เดือน
850 ^a ULIB^bปีที่ 1 ฉบับที่ 1 ;ปีที่ 1 ฉบับที่ 2 ฉ.1 ;ปีที่ 3 ฉบับที่ 1 ฉ.1 ;ปีที่ 3 ฉบับที่ 2 ฉ.1 ;ปีที่ 4 ฉบับที่ 1 ฉ.1 ;ปีที่ 4 ฉบับที่ 2 ฉ.1
945    ^p0^l0^i900503
945    ^p0^l0^i902883
945    ^p0^l0^i902884
945    ^p0^l0^i902885
945    ^p0^l0^i902886
945    ^p0^l0^i902887
รายการนี้ยังไม่มีแท็ก
คุณยังไม่ได้ล็อกอิน คุณสามารถมีกิจกรรมร่วมกับเว็บไซต์ได้ แต่ต้องล็อกอินก่อน ::
  ล็อกอิน

รายการสื่อสารสนเทศ (วารสาร)

ดูแบบ: กล่อง รายการ
ARRIVED
ปีที่ 1 ฉบับที่ 1
สถานที่: ห้องสมุดวิทยาเขตสวรรค์ประชารักษ์ >วารสาร
ARRIVED
ปีที่ 1 ฉบับที่ 2 ฉ.1
สถานที่: ห้องสมุดวิทยาเขตสวรรค์ประชารักษ์ >วารสาร
ARRIVED
ปีที่ 3 ฉบับที่ 1 ฉ.1
สถานที่: ห้องสมุดวิทยาเขตสวรรค์ประชารักษ์ >วารสาร
ARRIVED
ปีที่ 3 ฉบับที่ 2 ฉ.1
สถานที่: ห้องสมุดวิทยาเขตสวรรค์ประชารักษ์ >วารสาร
ARRIVED
ปีที่ 4 ฉบับที่ 1 ฉ.1
สถานที่: ห้องสมุดวิทยาเขตสวรรค์ประชารักษ์ >วารสาร
ARRIVED
ปีที่ 4 ฉบับที่ 2 ฉ.1
สถานที่: ห้องสมุดวิทยาเขตสวรรค์ประชารักษ์ >หนังสือพิมพ์
รายการใกล้เคียง
    ผู้แต่ง []

BibComment


ยังไม่เคยถูกคอมเมนท์

คอมเมนท์ทรัพยากรรายการนี้
  คอมเมนท์: วารสารวิจัยและพั..


 Copyright 2026. Bcnsprnw @Library